| 000 | 01065nam a2200289 a 4500 | ||
|---|---|---|---|
| 001 | 25960 | ||
| 003 | BD-RjUL | ||
| 005 | 20211209050942.0 | ||
| 008 | 170208r19731924ii 000 0 eng d | ||
| 035 | _a(BD-RjUL)26030 | ||
| 040 |
_aFDA _cFDA _dOCLCQ _dUkOxU _dBD-RjUL _beng |
||
| 041 | _aeng | ||
| 082 | 4 |
_a954.029 _223 _bKHH 1973 |
|
| 100 | 1 |
_aKhan, Gholam Hussein _d1727 or 1728- _9190206 |
|
| 245 | 1 | 4 |
_aThe history of Mohamedan power in India durng the 18th century = _bMir Gholam Hussein Khan's The siyar-ul-mutakherin / _cGholam Hussein Khan ; English translation by Johns Briggs |
| 250 | _a2nd ed. | ||
| 260 |
_aDelhi : _bIdarah-I Adabiyat-I Delli, _c1924 [Reprint 1973] |
||
| 300 |
_aix, 310 p. ; _c19 cm. |
||
| 490 |
_aIAD oriental series ; _v15 |
||
| 650 |
_aMogul Empire _9190207 |
||
| 651 | 0 |
_aIndia _xMogul Empire _9190147 |
|
| 651 | 0 |
_aIndia _xHistory _yBritish occupation, 1765-1947. _9171367 |
|
| 651 | 0 |
_aIndia _xHistory _y18th century. _9190200 |
|
| 700 |
_aBriggs, Johns _9190208 |
||
| 830 | 0 |
_aIAD oriental series ; _v15 _9190210 |
|
| 942 |
_2ddc _cBK |
||
| 999 |
_c25960 _d25960 |
||